Use case law to find a settlement (Record no. 74311)

MARC details
000 -LEADER
fixed length control field 02007cab a2200337 4500
001 - CONTROL NUMBER
control field ABS67635
008 - FIXED-LENGTH DATA ELEMENTS--GENERAL INFORMATION
fixed length control field 040329n2004 000 0 eng u
035 ## - SYSTEM CONTROL NUMBER
System control number (Sirsi) u125620
245 ## - TITLE STATEMENT
Title Use case law to find a settlement
260 ## - PUBLICATION, DISTRIBUTION, ETC.
Date of publication, distribution, etc. 2004
490 ## - SERIES STATEMENT
Series statement Estates Gazette
Volume/sequential designation (0410) 6 March 2004, 180-181(2)
520 ## - SUMMARY, ETC.
Summary, etc. First part of a summary of presentations at a landlord and tenant update hosted by RICS West Midlands. Examines the rent review treatment of premiums, in particular whether a premium for the grant of a lease is part of the rent or key money, citing "BLCT (13096) Ltd v J Sainsbury plc" ([2003] EWCA Civ 884, [2003] All ER (D) 03 (3Jul)) and "Safeway and Legal and General" {2005} 1 P&CR 129-138(9). Also looks at the rent review length of term, specifically whether, at review, the hypothetical term to be valued equates to the remainder of the existing term or is assumed to be the full term of the original lease, citing "Canary Wharf Investments (Three) v Telegraph Group Ltd" ([2003] EWHC 1575 (Ch), Abs67266). Outlines the rules on serving notices and satisfying pre-conditions in break clauses, looking at when a notice is served, citing "Beanby Estates Ltd v The Egg Stores (Stamford Hill) Ltd" ([2003] EWHC 1252 (Ch), Abs670080). (See also Abs...).
590 ## - LOCAL NOTE (RLIN)
Local note ABS
650 ## - SUBJECT ADDED ENTRY--TOPICAL TERM
Topical term or geographic name entry element BLCT (13096) LTD V J SAINSBURY PLC
650 ## - SUBJECT ADDED ENTRY--TOPICAL TERM
Topical term or geographic name entry element RENT REVIEWS
650 ## - SUBJECT ADDED ENTRY--TOPICAL TERM
Topical term or geographic name entry element PREMIUMS
650 ## - SUBJECT ADDED ENTRY--TOPICAL TERM
Topical term or geographic name entry element KEY MONEY
650 ## - SUBJECT ADDED ENTRY--TOPICAL TERM
Topical term or geographic name entry element SAFEWAY V LEGAL AND GENERAL
650 ## - SUBJECT ADDED ENTRY--TOPICAL TERM
Topical term or geographic name entry element HYPOTHETICAL TERMS
650 ## - SUBJECT ADDED ENTRY--TOPICAL TERM
Topical term or geographic name entry element RENT
650 ## - SUBJECT ADDED ENTRY--TOPICAL TERM
Topical term or geographic name entry element CANARY WHARF INVESTMENTS V TELEGRAPH GROUP LTD
650 ## - SUBJECT ADDED ENTRY--TOPICAL TERM
Topical term or geographic name entry element BREAK CLAUSES
650 ## - SUBJECT ADDED ENTRY--TOPICAL TERM
Topical term or geographic name entry element NOTICES
650 ## - SUBJECT ADDED ENTRY--TOPICAL TERM
Topical term or geographic name entry element LANDLORD AND TENANT ACT 1927 S23
650 ## - SUBJECT ADDED ENTRY--TOPICAL TERM
Topical term or geographic name entry element LANDLORD AND TENANT ACT 1954
650 ## - SUBJECT ADDED ENTRY--TOPICAL TERM
Topical term or geographic name entry element BEANBY ESTATES LTD V EGG STORES (STAMFORD HILL) LTD
650 ## - SUBJECT ADDED ENTRY--TOPICAL TERM
Topical term or geographic name entry element CHISWELL V GRIFFON LAND AND ESTATES LTD
650 ## - SUBJECT ADDED ENTRY--TOPICAL TERM
Topical term or geographic name entry element C A WEBBER (TRANSPORT) LTD V NETWORK RAIL INFRASTRUCTURE LTD
690 ## - LOCAL SUBJECT ADDED ENTRY--TOPICAL TERM (OCLC, RLIN)
Topical term or geographic name as entry element LANDLORD AND TENANT-BUSINESS TENANCIES
942 ## - ADDED ENTRY ELEMENTS (KOHA)
Suppress in OPAC 0
Holdings
Withdrawn status Lost status Source of classification or shelving scheme Damaged status Not for loan Home library Current library Shelving location Date acquired Total Checkouts Full call number Barcode Date last seen Copy number Price effective from Koha item type
    Dewey Decimal Classification     London London Journal article 29/03/2004   ABS67635 125620-1001 06/08/2019 1 06/08/2019 Journal article